Largest State Capitals - Statistics

General Stats
  • This quiz has been taken 122 times
  • The average score is 8 of 10
Answer Stats
Hint Answer % Correct
932,000 Austin
96%
1,536,000 Phoenix
95%
491,000 Sacramento
89%
667,000 Boston
88%
464,000 Atlanta
86%
683,000 Denver
83%
853,000 Indianapolis
77%
850,000 Columbus
75%
655,000 Nashville
69%
631,000 Oklahoma City
67%
No matching quizzes found
Score Distribution
Percent of People with Each Score
Percentile by Number Answered
Your Score History
You have not taken this quiz